00685cam a2200205 a 4500020001800000020001500018020003100033020002800064040000800092082002600100100001900126245008000145246006300225260004100288300003600329650002000365650001700385700001800402856005900420 a9780821373316 a0821373315 a9780821373323 (electronic) a0821373323 (electronic) cDLC00a363 WOR 2007 A019 Or.1 aBrowder, Greg,10aStepping up :bimproving the performance of China's urban water utilities /30aImproving the performance of China's urban water utilities aWashington, DC :bWorld Bank,c2007. axxxiv, 176 p. :bill. ;c28 cm. 0aWater utilities 0aUrban policy1 aXie, Shiqing.41uhttp://www.loc.gov/catdir/toc/ecip0725/2007034616.html